000 00301nam a22001337a 4500
008 170529b xxu||||| |||| 00| 0 eng d
020 _a9780073263182
041 _aeng
080 _27TH
_a62
100 _a27
101 _aIM
245 _aENGINEERING CIRCUIT ANALYSIS
_cHILL, MC.G
942 _2udc
_cBK
999 _c14854
_d14854